000 00768nam a2200253Ia 4500
003 OSt
005 20220918165831.0
006 a|||||r|||| 00| 0
007 ta
008 220917b |||||||| |||| 00| 0 eng d
020 _a8173913269 (hbk)
_c795
024 _a245,775
037 _b01509, 21/02/2011, Kanishka Publishers Distributors
_cTextual
040 _aARTS
_cARTS
_beng
041 _2eng
_aeng
082 _aW:511, N9
100 _aRay B.N.
_924270
245 0 _aC.B. Macpherson and liberalism
260 _aNew Delhi
_bKanishka Publishers India
_c1999
300 _a437p.
_ccm.
650 _aPOLITICAL SCIENCE
942 _hW:511, N9
_cTEXL
_2CC
999 _c131286
_d131286